[Event "Pere Noel"]
[Site "Montreal CAN"]
[Date "2023.12.30"]
[Round "4.20"]
[White "Chaurette, Laurent"]
[Black "Cloutier, Eric"]
[Result "1-0"]
[WhiteElo "1941"]
[BlackElo "1758"]
[PlyCount "131"]
[EventDate "2023.12.27"]
[EventType "swiss"]
[EventRounds "5"]
[EventCountry "CAN"]

1. d4 c6 2. c4 d5 3. Nf3 Nf6 4. Nc3 dxc4 5. a4 Bf5 6. Ne5 Nbd7 7. Nxc4 Nb6 8.
Ne5 a5 9. f3 Nfd7 10. Nxd7 Nxd7 11. e4 Bg6 12. Be3 e6 13. Bc4 Bb4 14. O-O O-O
15. Qe2 Qe7 16. Rac1 Rfd8 17. Rfd1 e5 18. d5 Bc5 19. Ba2 Nf6 20. Rd2 Bb4 21.
Rcd1 Rd7 22. Qf2 Ne8 23. Bb6 Kh8 24. dxc6 Rxd2 25. Qxd2 bxc6 26. Qd7 Qxd7 27.
Rxd7 f6 28. Rd8 Rxd8 29. Bxd8 Nd6 30. Kf1 Bf7 31. Bxf7 Nxf7 32. Bc7 Kg8 33. Na2
Bd6 34. Bxa5 Kf8 35. Nb4 c5 36. Nd5 Ke8 37. Ke2 Kd7 38. Kd3 Kc6 39. h4 f5 40.
Ne3 fxe4+ 41. Kxe4 Be7 42. Nf5 Bf6 43. Bc3 g6 44. Ne3 Bxh4 45. Nc4 Ng5+ 46.
Kxe5 Nf7+ 47. Kf4 Kd5 48. Ne3+ Kc6 49. Ng4 Bg5+ 50. Kg3 Kd6 51. a5 Kc6 52. f4
Bd8 53. Ne5+ Nxe5 54. fxe5 Kd5 55. Kf3 Bc7 56. Kf4 h6 57. Ke3 Bb8 58. b3 Ba7
59. Kd3 Bb8 60. a6 Ba7 61. Ke2 Bb8 62. Kf3 Ba7 63. Kg4 Bb8 64. Bd2 Kc6 65. e6
g5 66. Kf5 1-0

[Event "Pere Noel"]
[Site "Montreal CAN"]
[Date "2023.12.30"]
[Round "4.21"]
[White "Berube, Maximilien"]
[Black "Hu, Raymond"]
[Result "1/2-1/2"]
[WhiteElo "1921"]
[BlackElo "1750"]
[PlyCount "117"]
[EventDate "2023.12.27"]
[EventType "swiss"]
[EventRounds "5"]
[EventCountry "CAN"]

1. d4 Nf6 2. c4 e6 3. g3 d5 4. Nf3 b6 5. Bg2 Bb7 6. O-O Bd6 7. Qc2 Nbd7 8. Nbd2
c5 9. b3 O-O 10. Bb2 Rc8 11. Rac1 dxc4 12. Nxc4 cxd4 13. Qd1 Bc5 14. Nxd4 Bxg2
15. Kxg2 Qc7 16. e3 Qb7+ 17. Qf3 Qxf3+ 18. Kxf3 a6 19. Rfd1 Rfd8 20. Ne2 Nd5
21. e4 Ne7 22. a3 Nc6 23. b4 b5 24. Ne3 Nde5+ 25. Bxe5 Nxe5+ 26. Kg2 Bxe3 27.
Rxc8 Rxc8 28. fxe3 Kf8 29. Rd2 Nc4 30. Rd3 Ne5 31. Rd2 Ke7 32. Ra2 Rc4 33. Nd4
Rc3 34. a4 Rc4 35. axb5 axb5 36. Nxb5 Rxe4 37. Rb2 Nd3 38. Re2 Nxb4 39. Kf3 f5
40. Nd4 Nd5 41. h3 Kf6 42. Nc2 h5 43. h4 g5 44. hxg5+ Kxg5 45. Ne1 Nc3 46. Rc2
Nd5 47. Re2 h4 48. gxh4+ Rxh4 49. Kg3 Rg4+ 50. Kf3 e5 51. Rd2 Nf6 52. Rg2 e4+
53. Kf2 Rxg2+ 54. Nxg2 Nd5 55. Kg3 Nxe3 56. Nxe3 f4+ 57. Kf2 fxe3+ 58. Kxe3 Kf5
59. Ke2 1/2-1/2

[Event "Pere Noel"]
[Site "Montreal CAN"]
[Date "2023.12.30"]
[Round "4.22"]
[White "Avarian, Aram Sevag"]
[Black "Bernales Garcia, Oscar"]
[Result "1-0"]
[WhiteElo "1896"]
[BlackElo "1766"]
[PlyCount "107"]
[EventDate "2023.12.27"]
[EventType "swiss"]
[EventRounds "5"]
[EventCountry "CAN"]

1. e4 c5 2. Nc3 e5 3. Bc4 Nc6 4. Nf3 Be7 5. d3 Nf6 6. O-O O-O 7. a4 d6 8. Bg5
Bg4 9. h3 Bh5 10. g4 Bg6 11. Nh4 Nd4 12. Nxg6 hxg6 13. Bxf6 Bxf6 14. Nd5 Bg5
15. c3 Ne6 16. Kg2 Nf4+ 17. Nxf4 Bxf4 18. Bb3 Qe7 19. Rh1 Bg5 20. Qe1 Bh4 21.
Qe2 Kh7 22. Rhf1 Qg5 23. Qe3 f5 24. Qxg5 Bxg5 25. Bd5 fxe4 26. Bxe4 Bh4 27. a5
Rab8 28. f3 Kh6 29. Rfb1 Rfc8 30. Bd5 Kg5 31. Ra4 Kh6 32. Rba1 Rc7 33. Kf1 Bg5
34. Ke2 Rf8 35. R4a3 Bd8 36. Rb3 Kg5 37. Kf2 Rh8 38. Kg3 Be7 39. Bxb7 c4 40.
dxc4 Rxc4 41. Bd5 Rc5 42. c4 Rhc8 43. Rb7 R5c7 44. a6 Bd8 45. b4 Kf6 46. b5 Re7
47. Bc6 g5 48. Rd1 Bc7 49. Rxa7 e4 50. fxe4 d5+ 51. Rxc7 Rcxc7 52. Bxd5 Ke5 53.
b6 Rc5 54. Ra1 1-0

[Event "Pere Noel"]
[Site "Montreal CAN"]
[Date "2023.12.30"]
[Round "4.23"]
[White "Nardone, Raul"]
[Black "Guillemette, Thomas"]
[Result "0-1"]
[WhiteElo "1761"]
[BlackElo "1888"]
[PlyCount "196"]
[EventDate "2023.12.27"]
[EventType "swiss"]
[EventRounds "5"]
[EventCountry "CAN"]

1. Nf3 Nf6 2. c4 g6 3. d4 Bg7 4. Nc3 O-O 5. Bg5 d6 6. e3 Bf5 7. Bd3 Bxd3 8.
Qxd3 Nbd7 9. O-O e5 10. Rfd1 Re8 11. Qc2 h6 12. Bh4 g5 13. Bg3 Nh5 14. b4 Nxg3
15. hxg3 Rf8 16. Qf5 Qe8 17. Nb5 Qc8 18. Rac1 a6 19. Nc3 Nb8 20. Qxc8 Rxc8 21.
Nd5 Kf8 22. c5 dxc5 23. dxc5 Nc6 24. g4 Ne7 25. e4 Nxd5 26. Rxd5 c6 27. Rd7
Rab8 28. Rcd1 Ke8 29. Kf1 Rd8 30. R7d3 Rxd3 31. Rxd3 b6 32. cxb6 Rxb6 33. Rb3
f6 34. Ne1 Bf8 35. Nd3 Kd7 36. Ke2 Rb5 37. Kd2 a5 38. Kc3 axb4+ 39. Nxb4 Rc5+
40. Kd2 Rc4 41. Nd3 Rxe4 42. Rb7+ Ke6 43. Rb8 Be7 44. f3 Ra4 45. Rb2 Kd5 46.
Nf2 Rb4 47. Rc2 c5 48. Ne4 Rd4+ 49. Ke2 Kc6 50. Ng3 Bf8 51. Ne4 Be7 52. Ng3 Ra4
53. Nf5 Bf8 54. Ng3 Kb6 55. Ne4 Be7 56. Nc3 Rd4 57. Rb2+ Kc6 58. a4 Bd8 59. Rb8
Ba5 60. Rc8+ Kd7 61. Rxc5 Bxc3 62. Rxc3 Rxa4 63. Rd3+ Ke6 64. Rd8 Kf7 65. Rd7+
Kg6 66. Rd6 Ra2+ 67. Kf1 Ra1+ 68. Kf2 Rh1 69. Rd8 Kg7 70. Rd7+ Kg6 71. Rd8 Ra1
72. Rd6 Ra2+ 73. Kg1 Ra7 74. Re6 Rf7 75. Kf2 h5 76. gxh5+ Kxh5 77. Kg3 Kg6 78.
Kf2 Kf5 79. Re8 g4 80. Rg8 gxf3 81. gxf3 Ra7 82. Rb8 Ra4 83. Ke3 Ra3+ 84. Kf2
Rd3 85. Rb4 Rd4 86. Rb2 Kf4 87. Ra2 f5 88. Rb2 Ra4 89. Rc2 Ra3 90. Rc4+ e4 91.
fxe4 Ra2+ 92. Ke1 fxe4 93. Rb4 Kf3 94. Rb8 Ra1+ 95. Kd2 e3+ 96. Kd3 Rd1+ 97.
Kc2 e2 98. Rf8+ Kg4 0-1

[Event "Pere Noel"]
[Site "Montreal CAN"]
[Date "2023.12.30"]
[Round "4.25"]
[White "Sekki, Abderaouf"]
[Black "Ramos, Michelle"]
[Result "0-1"]
[WhiteElo "1876"]
[BlackElo "1702"]
[PlyCount "100"]
[EventDate "2023.12.27"]
[EventType "swiss"]
[EventRounds "5"]
[EventCountry "CAN"]

1. d4 f5 2. f3 Nf6 3. e4 d6 4. Bd3 fxe4 5. fxe4 e5 6. Nf3 Bg4 7. c3 Nbd7 8. O-O
Be7 9. Qb3 Bxf3 10. Rxf3 Nb6 11. a4 a5 12. Be3 c5 13. dxc5 dxc5 14. Bb5+ Nbd7
15. Na3 Qc7 16. Bxd7+ Qxd7 17. Rd1 Qc7 18. Nb5 Qc6 19. Rf5 c4 20. Qc2 Kf7 21.
Rxe5 Rad8 22. Nd4 Qc7 23. Bf4 Bd6 24. Ne6 Qb6+ 25. Kh1 Bxe5 26. Nxd8+ Rxd8 27.
Bxe5 Qxb2 28. Qb1 Rd2 29. Rf1 Qxb1 30. Rxb1 Nxe4 31. h3 Nc5 32. Rb5 Nxa4 33.
Rxa5 Ra2 34. Ra7 Ke6 35. Bxg7 b5 36. Rb7 Rb2 37. g4 Rb3 38. g5 Kf5 39. h4 Nxc3
40. Bxc3 Rxc3 41. Rxh7 b4 42. Rf7+ Kg6 43. Rf6+ Kg7 44. h5 Rh3+ 45. Kg2 Rxh5
46. Kf3 Rxg5 47. Rc6 c3 48. Ke3 Rb5 49. Rd6 b3 50. Rd1 c2 0-1

[Event "Pere Noel"]
[Site "Montreal CAN"]
[Date "2023.12.30"]
[Round "4.26"]
[White "Peloquin, Charli"]
[Black "Presseau, Mateo"]
[Result "1-0"]
[WhiteElo "1848"]
[BlackElo "1474"]
[PlyCount "99"]
[EventDate "2023.12.27"]
[EventType "swiss"]
[EventRounds "5"]
[EventCountry "CAN"]

1. b3 Nf6 2. Bb2 b6 3. Nf3 Bb7 4. c4 e6 5. g3 Be7 6. Bg2 O-O 7. O-O d5 8. cxd5
exd5 9. d3 c5 10. Nbd2 Nbd7 11. Nh4 Qb8 12. Nf5 Re8 13. Nxe7+ Rxe7 14. e3 Qd6
15. Qc2 h5 16. h3 Rae8 17. Rad1 Ba6 18. Rfe1 d4 19. e4 h4 20. g4 Ne5 21. Nf1
Ng6 22. Bc1 Nh7 23. Qd2 Ne5 24. Qe2 g5 25. f4 gxf4 26. Bxf4 Qf6 27. Bxe5 Rxe5
28. Nh2 Ng5 29. Rf1 Qg7 30. Qf2 Qh7 31. Nf3 Nxf3+ 32. Qxf3 R8e6 33. Rd2 Re7 34.
Qf4 Qg6 35. Rf3 R5e6 36. Bf1 Kg7 37. Rg2 Bb7 38. g5 b5 39. Qxh4 c4 40. Rf6 Qh7
41. Rh6 Qg8 42. Rf2 c3 43. Rff6 Rxf6 44. gxf6+ Kf8+ 45. Kh1 Rxe4 46. dxe4 c2
47. Qf4 Ke8 48. Bxb5+ Kd8 49. Qd6+ Kc8 50. Bd7+ 1-0

[Event "Pere Noel"]
[Site "Montreal CAN"]
[Date "2023.12.30"]
[Round "4.27"]
[White "Jutras, Arnaud"]
[Black "St-Germain, Jack"]
[Result "0-1"]
[WhiteElo "1639"]
[BlackElo "1794"]
[PlyCount "78"]
[EventDate "2023.12.27"]
[EventType "swiss"]
[EventRounds "5"]
[EventCountry "CAN"]

1. d4 Nf6 2. Nf3 d5 3. c4 e6 4. Nc3 c6 5. Bg5 Nbd7 6. e3 h6 7. Bh4 Be7 8. Qc2
O-O 9. Rd1 b6 10. cxd5 exd5 11. Bd3 Bb7 12. O-O Re8 13. Bg3 Nh5 14. Be5 Nhf6
15. Bf4 Rc8 16. Qb1 Nh5 17. Be5 Nhf6 18. Bg3 Nh5 19. b4 Nxg3 20. hxg3 Nf6 21.
a3 Bd6 22. Rfe1 Bb8 23. Bf5 Rc7 24. b5 cxb5 25. Nxb5 Rce7 26. Rc1 a6 27. Nc3
Bd6 28. Qb3 b5 29. Na2 Qb6 30. Re2 g6 31. Bd3 Rc7 32. Rxc7 Qxc7 33. Rc2 Qe7 34.
Nb4 Bxg3 35. fxg3 Qxe3+ 36. Kf1 Ne4 37. Re2 Nxg3+ 38. Ke1 Nxe2 39. Nc2 Qxf3 0-1

[Event "Pere Noel"]
[Site "Montreal CAN"]
[Date "2023.12.30"]
[Round "4.28"]
[White "Forget, Luc"]
[Black "Li, James"]
[Result "1/2-1/2"]
[WhiteElo "1782"]
[BlackElo "1516"]
[PlyCount "76"]
[EventDate "2023.12.27"]
[EventType "swiss"]
[EventRounds "5"]
[EventCountry "CAN"]

1. d4 d5 2. c4 c6 3. Nf3 Nf6 4. Nc3 e6 5. g3 Nbd7 6. Bg2 Be7 7. O-O O-O 8. Re1
b6 9. cxd5 cxd5 10. a3 Bb7 11. Bf4 Ne4 12. Rc1 Rc8 13. Nb5 a6 14. Bc7 Qe8 15.
Na7 Ra8 16. Nc6 Bxc6 17. Rxc6 Rc8 18. Rc1 Nd6 19. Bxd6 Bxd6 20. e4 dxe4 21.
Rxc8 Qxc8 22. Ng5 Nf6 23. Nxe4 Nxe4 24. Bxe4 Rd8 25. Qf3 a5 26. Qe3 Qd7 27. Bf3
Qb5 28. Qc3 Be7 29. Bc6 Qa6 30. d5 Bf6 31. Qf3 exd5 32. Bxd5 Qb5 33. b3 h6 34.
Bc4 Qc5 35. Qb7 Rf8 36. a4 Bd4 37. Re2 Qf5 38. Kg2 Bc5 1/2-1/2

[Event "Pere Noel"]
[Site "Montreal CAN"]
[Date "2023.12.30"]
[Round "4.29"]
[White "Liu, Lucas"]
[Black "Kozlov, Guennadi"]
[Result "0-1"]
[WhiteElo "1655"]
[BlackElo "1849"]
[PlyCount "80"]
[EventDate "2023.12.27"]
[EventType "swiss"]
[EventRounds "5"]
[EventCountry "CAN"]

1. d4 d5 2. c4 c6 3. Nc3 e6 4. Nf3 dxc4 5. a4 Bb4 6. e3 b5 7. Bd2 Bxc3 8. Bxc3
Ne7 9. e4 Qb6 10. a5 Qb7 11. Qc2 O-O 12. Be2 Na6 13. e5 h6 14. O-O Nd5 15. Rfd1
Qe7 16. Be1 Nab4 17. Qc1 a6 18. Bxb4 Nxb4 19. Nd2 Bb7 20. Ne4 Rad8 21. Qc3 Nd5
22. Qc2 f6 23. b3 cxb3 24. Qxb3 fxe5 25. dxe5 c5 26. Bf3 c4 27. Qb2 Nb4 28. Rd6
Nd3 29. Qe2 Bxe4 30. Rxd8 Qxd8 31. Qxe4 Qc7 32. Qe2 Qxe5 33. Qxe5 Nxe5 34. Be4
Nd3 35. f3 Rd8 36. Rd1 Kf7 37. Kf1 Ke7 38. g3 Rd6 39. Ke2 Nc5 40. Rxd6 Kxd6 0-1

[Event "Pere Noel"]
[Site "Montreal CAN"]
[Date "2023.12.30"]
[Round "4.30"]
[White "Yang, Jing Yao"]
[Black "Tachijian, Mardig"]
[Result "1-0"]
[WhiteElo "1594"]
[BlackElo "1825"]
[PlyCount "41"]
[EventDate "2023.12.27"]
[EventType "swiss"]
[EventRounds "5"]
[EventCountry "CAN"]

1. e4 g6 2. d4 d6 3. c4 Bg7 4. Be3 Nf6 5. h3 O-O 6. Qd2 b6 7. Bh6 Bb7 8. d5
Nbd7 9. h4 Bxh6 10. Qxh6 Ng4 11. Qg5 Nge5 12. f4 f6 13. Qg3 Nf7 14. Nf3 Qe8 15.
h5 Nh8 16. Nh4 Qf7 17. hxg6 hxg6 18. Nf5 Qh7 19. Rxh7 Kxh7 20. Qh3+ Kg8 21.
Nxe7+ 1-0

[Event "Pere Noel"]
[Site "Montreal CAN"]
[Date "2023.12.30"]
[Round "5.1"]
[White "Druska, Juraj"]
[Black "Sambuev, Bator"]
[Result "0-1"]
[WhiteElo "2417"]
[BlackElo "2573"]
[PlyCount "102"]
[EventDate "2023.12.27"]
[EventType "swiss"]
[EventRounds "5"]
[EventCountry "CAN"]

1. e4 c5 2. Nf3 Nc6 3. d4 cxd4 4. Nxd4 g6 5. c4 Bg7 6. Be3 Nf6 7. Nc3 Ng4 8.
Qxg4 Nxd4 9. Qd1 Ne6 10. Qd2 Qa5 11. Rc1 b6 12. Be2 Bb7 13. f3 g5 14. O-O Be5
15. Rfd1 Bc6 16. a3 Rd8 17. Rc2 Bf4 18. g3 Bxe3+ 19. Qxe3 Qc5 20. Kf2 a5 21. b4
axb4 22. axb4 Qxb4 23. Rb1 Qc5 24. Rxb6 h5 25. Nd5 Qxe3+ 26. Kxe3 h4 27. Nb4
hxg3 28. hxg3 Rh3 29. Bf1 Rh1 30. Bg2 Rb1 31. Nd5 Re1+ 32. Kf2 Ra1 33. Rcb2 Nc5
34. Bf1 Bxd5 35. cxd5 f6 36. Rb8 g4 37. d6 exd6 38. Bc4 Ra3 39. fxg4 Nxe4+ 40.
Kf1 Nd2+ 41. Rxd2 Rxb8 42. Rxd6 Rb2 43. Be2 Ke7 44. Rd4 Rxg3 45. Re4+ Kd6 46.
Rd4+ Ke6 47. Re4+ Kd5 48. Rf4 Ke5 49. Rf5+ Ke6 50. Bc4+ Ke7 51. Rf4 Rb4 0-1

[Event "Pere Noel"]
[Site "Montreal CAN"]
[Date "2023.12.30"]
[Round "5.2"]
[White "Adam, Rafael"]
[Black "Tanaka, Tyler"]
[Result "1-0"]
[WhiteElo "2160"]
[BlackElo "2336"]
[PlyCount "149"]
[EventDate "2023.12.27"]
[EventType "swiss"]
[EventRounds "5"]
[EventCountry "CAN"]

1. Nf3 d5 2. g3 Bg4 3. Bg2 Nd7 4. O-O Ngf6 5. d3 e5 6. h3 Bh5 7. Qe1 Be7 8. e4
dxe4 9. dxe4 O-O 10. Nh4 Re8 11. Nf5 Bf8 12. a4 a5 13. Na3 Bb4 14. Qe3 c6 15.
Nc4 Qc7 16. Bd2 Bxd2 17. Qxd2 Nc5 18. f3 Bg6 19. Nfe3 Nfd7 20. Rfd1 b6 21. h4
Red8 22. Qd6 Qxd6 23. Rxd6 Ne6 24. Rxd7 Rxd7 25. Nxb6 Rdd8 26. Nxa8 Rxa8 27.
Bf1 Kf8 28. Kf2 f6 29. Bc4 Nc5 30. b3 Ke7 31. Rd1 h6 32. Ke2 Bh7 33. Rd2 g6 34.
g4 Rf8 35. Rd1 f5 36. exf5 gxf5 37. gxf5 Bxf5 38. Rg1 e4 39. fxe4 Bxe4 40. Rg7+
Kd6 41. Rf7 Rxf7 42. Bxf7 Nd7 43. Bc4 Ne5 44. c3 Ng6 45. Bf7 Nxh4 46. Nc4+ Kc7
47. Nxa5 Nf5 48. Nc4 Bc2 49. Ne3 Nxe3 50. Kxe3 Kb6 51. Kd2 Bf5 52. b4 Bg4 53.
Bc4 h5 54. Ke3 h4 55. Kf2 Bf5 56. Bf1 Be6 57. Kg2 Bf5 58. Kh2 Be6 59. a5+ Kc7
60. Bh3 Bc4 61. Bg4 c5 62. Bf3 cxb4 63. cxb4 Kb8 64. Kh3 Bb5 65. Kxh4 Ka7 66.
Kg5 Ka6 67. Kf4 Bf1 68. Bc6 Bh3 69. Ke5 Bg4 70. Kd6 Bh3 71. Kc5 Bf1 72. Bd5 Ka7
73. b5 Be2 74. b6+ Ka6 75. Bc4+ 1-0

[Event "Pere Noel"]
[Site "Montreal CAN"]
[Date "2023.12.30"]
[Round "5.3"]
[White "Zheng, Richard"]
[Black "Saha, Ananda"]
[Result "1-0"]
[WhiteElo "2263"]
[BlackElo "2165"]
[PlyCount "87"]
[EventDate "2023.12.27"]
[EventType "swiss"]
[EventRounds "5"]
[EventCountry "CAN"]

1. d4 d5 2. c4 e6 3. Nc3 Nf6 4. cxd5 exd5 5. Bg5 c6 6. e3 h6 7. Bh4 Be7 8. Bd3
O-O 9. Nge2 Re8 10. O-O Nbd7 11. f3 a5 12. Bf2 b5 13. Ng3 b4 14. Na4 c5 15. e4
c4 16. Bc2 Ba6 17. e5 Nh7 18. Re1 Bg5 19. Nf5 g6 20. Nd6 Re6 21. f4 Bxf4 22.
Qf3 Rxd6 23. exd6 Bxd6 24. Be3 Ng5 25. Qxd5 Nf6 26. Qc6 Ng4 27. h3 Nxe3 28.
Rxe3 Bf4 29. Ree1 Nxh3+ 30. gxh3 Qxd4+ 31. Kh1 Rb8 32. Rad1 Qf2 33. Qg2 Qh4 34.
Bxg6 Kh8 35. Nc5 Rg8 36. Qg4 Qf2 37. Re2 Qxc5 38. Qxf4 Rxg6 39. Qxf7 Rg7 40.
Qf4 Bb7+ 41. Kh2 Qh5 42. Qxc4 Qf3 43. Rd8+ Kh7 44. Qc2+ 1-0

[Event "Pere Noel"]
[Site "Montreal CAN"]
[Date "2023.12.30"]
[Round "5.5"]
[White "Ouellet, Maili-Jade"]
[Black "Kot, Emanuel"]
[Result "1-0"]
[WhiteElo "2325"]
[BlackElo "2095"]
[PlyCount "107"]
[EventDate "2023.12.27"]
[EventType "swiss"]
[EventRounds "5"]
[EventCountry "CAN"]

1. d4 Nf6 2. c4 g6 3. Nc3 Bg7 4. e4 d6 5. f3 O-O 6. Be3 a6 7. Qd2 Nc6 8. Nge2
Rb8 9. Rc1 Bd7 10. Nd1 Re8 11. Nf2 b5 12. c5 dxc5 13. Rxc5 e5 14. d5 Ne7 15. g4
c6 16. dxc6 Bxc6 17. g5 Qxd2+ 18. Bxd2 Nd7 19. Rc1 Nb6 20. b3 Bd7 21. Nd3 Bc8
22. Bb4 Bb7 23. Bh3 Nc6 24. Bc5 Rbd8 25. Bxb6 Rxd3 26. Kf2 Bf8 27. Rcd1 Rxd1
28. Rxd1 Bc8 29. Bd7 Bxd7 30. Rxd7 Rc8 31. h4 Ba3 32. Nc3 Nb4 33. Nd5 Rc2+ 34.
Kg3 Nxd5 35. exd5 Bc1 36. Rd8+ Kg7 37. f4 Bxf4+ 38. Kf3 f5 39. gxf6+ Kxf6 40.
Rd7 g5 41. h5 e4+ 42. Kxe4 Re2+ 43. Kf3 Rxa2 44. Rxh7 Ke5 45. Rd7 Rh2 46. Bc7+
Kf6 47. Bxf4 gxf4 48. h6 Kf5 49. h7 a5 50. Re7 a4 51. bxa4 bxa4 52. d6 Kf6 53.
Ra7 a3 54. d7 1-0

[Event "Pere Noel"]
[Site "Montreal CAN"]
[Date "2023.12.30"]
[Round "5.7"]
[White "Batorshyn, Ilia	"]
[Black "Morteza, Arian"]
[Result "1-0"]
[WhiteElo "2211"]
[BlackElo "1944"]
[PlyCount "121"]
[EventDate "2023.12.27"]
[EventType "swiss"]
[EventRounds "5"]
[EventCountry "CAN"]

1. e4 c5 2. Nf3 d6 3. Bb5+ Nc6 4. O-O Bd7 5. Re1 Ne5 6. Bxd7+ Qxd7 7. Nxe5 dxe5
8. d3 Nf6 9. Nd2 e6 10. Qf3 Qc7 11. a4 Be7 12. Nc4 O-O 13. Bd2 Nd7 14. Qg3 Rac8
15. Bc3 Bf6 16. b4 cxb4 17. Bxb4 Nc5 18. Rab1 b6 19. a5 b5 20. Ne3 g6 21. Ng4
Bg7 22. Qh4 f5 23. exf5 exf5 24. Ne3 Rfd8 25. Qh3 Ne6 26. Bd2 Qc6 27. Bb4 Rc7
28. a6 Rf7 29. Qf3 Qxa6 30. c4 Rxd3 31. cxb5 Qa4 32. Qc6 Nf8 33. Nd5 Rd4 34.
Bxf8 Rxf8 35. Nc7 Qc4 36. Ne6 Rc8 37. Nxd4 Rxc6 38. Nxc6 Qc5 39. Rec1 Qb6 40.
Ne7+ Kf8 41. Nd5 Qd6 42. Ne3 Bh6 43. Rc8+ Kf7 44. Rd1 Qb4 45. Rc7+ Ke6 46. Rc6+
Kf7 47. Nd5 Qxb5 48. Rc7+ Kf8 49. Nf6 Bd2 50. Nxh7+ Ke8 51. Nf6+ Kf8 52. Rxa7
Qb4 53. Nh7+ Kg8 54. Nf6+ Kf8 55. Nd7+ Ke7 56. Nxe5+ Kf6 57. Nf3 Bf4 58. Ra6+
Kf7 59. Ra7+ Ke6 60. g3 Bd6 61. Ra6 1-0

[Event "Pere Noel"]
[Site "Montreal CAN"]
[Date "2023.12.30"]
[Round "5.8"]
[White "Vezeau, Jonathan"]
[Black "Clyde, Jordan"]
[Result "1/2-1/2"]
[WhiteElo "2007"]
[BlackElo "2250"]
[PlyCount "100"]
[EventDate "2023.12.27"]
[EventType "swiss"]
[EventRounds "5"]
[EventCountry "CAN"]

1. d4 d6 2. c4 e5 3. e4 g6 4. Nf3 Bg7 5. Nc3 Bg4 6. dxe5 Bxe5 7. Be2 Bxf3 8.
Bxf3 Nc6 9. Be3 Bg7 10. h4 h5 11. Be2 Nf6 12. f3 Nd7 13. Qd2 Nc5 14. O-O-O Ne6
15. f4 Ncd4 16. Bd3 Nc5 17. Kb1 Qd7 18. Bf1 Nce6 19. Qf2 c5 20. f5 Nc7 21. f6
Bh6 22. Bxd4 cxd4 23. Qxd4 O-O 24. Qxd6 Qxd6 25. Rxd6 Ne8 26. Rd7 Nxf6 27. Rxb7
Bd2 28. Bd3 Bxc3 29. bxc3 Rfe8 30. Rf1 Rab8 31. Rxb8 Rxb8+ 32. Kc2 Ng4 33. Re1
Ne5 34. Be2 Rc8 35. Rb1 Nxc4 36. Bxc4 Rxc4 37. Kd3 Ra4 38. Rb2 Kf8 39. c4 Ke7
40. Kd4 Ra5 41. Rc2 Ke6 42. c5 Ra4+ 43. Ke3 Kd7 44. c6+ Kc7 45. Kd3 f6 46. Rf2
f5 47. exf5 gxf5 48. Rxf5 Rxh4 49. Rf7+ Kxc6 50. Rxa7 Rg4 1/2-1/2

[Event "Pere Noel"]
[Site "Montreal CAN"]
[Date "2023.12.30"]
[Round "5.9"]
[White "Genzling, Jerome"]
[Black "Charaf, Bassel"]
[Result "1/2-1/2"]
[WhiteElo "2193"]
[BlackElo "2028"]
[PlyCount "92"]
[EventDate "2023.12.27"]
[EventType "swiss"]
[EventRounds "5"]
[EventCountry "CAN"]

1. e4 c6 2. Nf3 d5 3. Nc3 Bg4 4. h3 Bxf3 5. Qxf3 e6 6. Be2 Nd7 7. d4 Bb4 8. O-O
Ne7 9. Bf4 Ng6 10. Bg3 O-O 11. Rad1 Bxc3 12. bxc3 Nf6 13. exd5 cxd5 14. c4 Rc8
15. cxd5 Qxd5 16. c4 Qxf3 17. gxf3 Nh5 18. Rfe1 Rfd8 19. Bf1 b6 20. Bh2 Kf8 21.
c5 Nhf4 22. Re4 e5 23. Bxf4 Nxf4 24. cxb6 axb6 25. Rxe5 Ne6 26. Re4 Rd5 27. Kg2
Rcd8 28. Rb1 R8d6 29. Bc4 Rxd4 30. Bxe6 Rxe4 31. fxe4 Rxe6 32. f3 Rg6+ 33. Kf2
Rh6 34. a4 Ke7 35. h4 Kd7 36. Rg1 g6 37. Kg3 Rh5 38. Rc1 Ra5 39. Rc4 b5 40. Rc5
Rxa4 41. Rxb5 h5 42. Kf4 Ke7 43. Kg5 Ra3 44. Kf4 Ra1 45. Rb7+ Ke6 46. Rb6+ Ke7
1/2-1/2

[Event "Pere Noel"]
[Site "Montreal CAN"]
[Date "2023.12.30"]
[Round "5.10"]
[White "Hrivnak, Vladimir"]
[Black "Deboosere, Adam"]
[Result "1-0"]
[WhiteElo "2166"]
[BlackElo "1907"]
[PlyCount "137"]
[EventDate "2023.12.27"]
[EventType "swiss"]
[EventRounds "5"]
[EventCountry "CAN"]

1. d4 Nf6 2. Nf3 c5 3. c3 e6 4. g3 b6 5. Bg2 Bb7 6. O-O Be7 7. a4 O-O 8. Bf4 d6
9. b4 cxb4 10. cxb4 d5 11. b5 a6 12. Nc3 Bb4 13. Qb3 Qe7 14. Rab1 Ba5 15. Rfc1
Nbd7 16. Nd1 Rfc8 17. Rxc8+ Rxc8 18. Rc1 Qf8 19. Nb2 Ne4 20. Nd3 Nc3 21. Bf1 f6
22. Bd2 Ne4 23. Rxc8 Qxc8 24. Bxa5 bxa5 25. e3 axb5 26. axb5 Qc4 27. Qb2 Qc3
28. Qxc3 Nxc3 29. Nc5 Bc8 30. Nxe6 Nb6 31. Nc5 Bd7 32. Nxd7 Nxd7 33. Nd2 Kf8
34. f3 Ke7 35. Kf2 a4 36. e4 Nb6 37. Ke3 a3 38. Nb3 Kd6 39. Kd2 Nba4 40. Bd3 h6
41. Kc2 g5 42. g4 a2 43. Na1 Kc7 44. Kb3 dxe4 45. fxe4 Kb6 46. Kb4 Kc7 47. Bc2
Nxb5 48. Kxb5 Nc3+ 49. Kc4 Ne2 50. Kd3 Nf4+ 51. Ke3 h5 52. gxh5 Nxh5 53. Bb3
Kd6 54. Bxa2 Ng7 55. Bb1 Ne6 56. Nb3 Nf4 57. Kf3 Ke6 58. Nc5+ Kd6 59. Nd3 Ne6
60. Ke3 Nc7 61. Nf2 Nb5 62. Bd3 Nc7 63. Bc4 Ne8 64. Ng4 Ke7 65. Nh6 Kd6 66.
Nf5+ Kc6 67. Kf3 Nc7 68. Kg4 Na8 69. Bd5+ 1-0

[Event "Pere Noel"]
[Site "Montreal CAN"]
[Date "2023.12.30"]
[Round "5.11"]
[White "Wang, Derek"]
[Black "Mok, Yuen Tak"]
[Result "1-0"]
[WhiteElo "2066"]
[BlackElo "1990"]
[PlyCount "79"]
[EventDate "2023.12.27"]
[EventType "swiss"]
[EventRounds "5"]
[EventCountry "CAN"]

1. d4 d5 2. Nc3 Nf6 3. Bf4 e6 4. Nb5 Na6 5. e3 Be7 6. Nf3 O-O 7. Be2 c6 8. Nc3
c5 9. O-O Bd7 10. Ne5 Be8 11. dxc5 Nxc5 12. Nd3 Rc8 13. Nxc5 Bxc5 14. Qd3 a6
15. a3 Qb6 16. Rfd1 Bc6 17. Be5 Nd7 18. Bd4 Rfd8 19. b4 Bxd4 20. exd4 Nf6 21.
Qh3 Bd7 22. Qe3 Rc7 23. Rac1 Rdc8 24. Rd3 Ne8 25. Qd2 Nd6 26. Rh3 Be8 27. Bd3
g6 28. Ne2 Qc6 29. Qh6 f5 30. Nf4 Nb5 31. Bxb5 axb5 32. Re1 e5 33. dxe5 Rd8 34.
e6 Re7 35. Qg5 Qc7 36. Nh5 Bc6 37. Nf6+ Kh8 38. Qxg6 Rg7 39. e7 Rxe7 40. Rxe7
1-0

[Event "Pere Noel"]
[Site "Montreal CAN"]
[Date "2023.12.30"]
[Round "5.12"]
[White "Lima-Barbosa, Raphael"]
[Black "Turcotte, Jonathan"]
[Result "1-0"]
[WhiteElo "1958"]
[BlackElo "2041"]
[PlyCount "149"]
[EventDate "2023.12.27"]
[EventType "swiss"]
[EventRounds "5"]
[EventCountry "CAN"]

1. c4 c6 2. d4 d5 3. cxd5 cxd5 4. Bf4 Nc6 5. Nc3 Nf6 6. e3 Bf5 7. Qb3 Na5 8.
Qa4+ Bd7 9. Qc2 Rc8 10. Bd3 e6 11. Nf3 Bb4 12. O-O Nc4 13. Rfc1 O-O 14. Ne5 h6
15. Qe2 Nxe5 16. Bxe5 a6 17. Qd1 Bc6 18. Na4 Nd7 19. Bf4 Qe7 20. Nc3 Nf6 21. a3
Ba5 22. Na4 Bxa4 23. Qxa4 Bc7 24. Rc2 Bxf4 25. exf4 Rc7 26. Rac1 Rfc8 27. Qa5
Rxc2 28. Rxc2 Rxc2 29. Bxc2 Ne8 30. Qc3 Qc7 31. Qxc7 Nxc7 32. Bd3 Ne8 33. f5
exf5 34. Bxf5 Nd6 35. Bg4 f5 36. Bf3 Ne4 37. h4 g5 38. hxg5 hxg5 39. Be2 Kf7
40. b4 b5 41. Bh5+ Ke6 42. Be8 Kd6 43. a4 bxa4 44. Bxa4 f4 45. Bc2 Nd2 46. Bd3
Nc4 47. Bc2 Kc6 48. Ba4+ Kb6 49. Kf1 Nd6 50. Ke2 Ne4 51. Be8 Nc3+ 52. Kf3 Na2
53. Kg4 Nxb4 54. Kxg5 Nc2 55. Kxf4 Nxd4 56. g4 Kc5 57. g5 Ne6+ 58. Kg4 Ng7 59.
Bf7 d4 60. f4 d3 61. Bb3 Kb4 62. Bd1 a5 63. f5 Nxf5 64. Kxf5 a4 65. g6 a3 66.
Bb3 Kxb3 67. g7 a2 68. g8=Q+ Kb2 69. Qb8+ Kc3 70. Qe5+ Kb3 71. Ke4 d2 72. Qa1
d1=Q 73. Qxd1+ Kb2 74. Qd2+ Kb1 75. Kd3 1-0

[Event "Pere Noel"]
[Site "Montreal CAN"]
[Date "2023.12.30"]
[Round "5.13"]
[White "Gueorguiev, Valentin"]
[Black "Zhang, Chu Hang"]
[Result "0-1"]
[WhiteElo "1944"]
[BlackElo "2241"]
[PlyCount "72"]
[EventDate "2023.12.27"]
[EventType "swiss"]
[EventRounds "5"]
[EventCountry "CAN"]

1. d4 d5 2. Nf3 Nf6 3. Bf4 Bg4 4. Nbd2 Nbd7 5. h3 Bxf3 6. Nxf3 e6 7. e3 Be7 8.
c4 Bb4+ 9. Ke2 dxc4 10. a3 Bd6 11. Qa4 b5 12. Qc2 Bxf4 13. exf4 O-O 14. g3 c5
15. Bg2 Qb6 16. Rhd1 cxd4 17. Nxd4 Rac8 18. Kf1 Rfd8 19. Rac1 g6 20. Kg1 Nc5
21. Bf3 Kg7 22. Qc3 Nd3 23. Rxd3 cxd3 24. Nc6 d2 25. Rd1 Rd6 26. Rxd2 Rxd2 27.
Qxd2 Rxc6 28. Bxc6 Qxc6 29. Qd4 a5 30. g4 Qe4 31. Qc5 Qb1+ 32. Kg2 Qxb2 33. Qe3
b4 34. axb4 axb4 35. f5 exf5 36. gxf5 Qc3 0-1